| 000 | 00416 a2200157 4500 | ||
|---|---|---|---|
| 001 | 156952 | ||
| 020 | _a9788502176355 | ||
| 040 | _cEscola São Tomás de Aquino | ||
| 100 | _aBRASIL | ||
| 240 | 1 | 0 |
_aConstituição da República Federativa do Brasil _lpor |
| 245 | 1 | 0 | _aConstituição da República Federativa do Brasil |
| 300 | _a440 p. | ||
| 362 | 0 | _a2012 | |
| 697 | _aConstituição do Brasil | ||
| 942 | _cBK | ||
| 999 |
_c156952 _d156952 |
||